| 000 | 00359nam a22001457a 4500 | ||
|---|---|---|---|
| 003 | OSt | ||
| 008 | 250716b |||||||| |||| 00| 0 eng d | ||
| 020 | _a9789393285782 | ||
| 082 |
_a891.43103 _bS56J |
||
| 100 | _aAcharya Ramchandra Shukla | ||
| 245 | _aJayasi Granthawali | ||
| 260 |
_aNew Delhi _bShivank Prakashan _c2024 |
||
| 300 | _a647p | ||
| 942 |
_2ddc _cHB |
||
| 999 |
_c48462 _d48462 |
||